Una Crítica de la filosofía lingüística

Tallennettuna:
Bibliografiset tiedot
Päätekijä: Mundle, C.W.K
Aineistotyyppi: Kirja
Kieli:Undetermined
Julkaistu: México, Distrito Federal Fondo de Cultura Económica 1975
Aiheet:
Tagit: Lisää tagi
Ei tageja, Lisää ensimmäinen tagi!

MARC

LEADER 00000nam a2200000Ia 4500
008 170316s9999 xx 000 0 und d
090 |a 100 M-66u 
100 |a Mundle, C.W.K. 
245 |a Una Crítica de la filosofía lingüística 
260 |a México, Distrito Federal 
260 |b Fondo de Cultura Económica 
260 |c 1975 
300 |a 378 páginas 
650 |a FILOSOFÍA 
650 |a WITTGENSTEIN 
650 |a FILOSOFÍA DEL LENGUAJE 
650 |a RYLE 
999 |c 17098  |d 17098 
040 |a cru BVZT 
942 |c 15 D  |h 100 M-66u  |2 z